000 00320 a2200133 4500
001 85749
082 _a302 OWE
090 _c40172
_d40171
100 _aOwen Hargie
245 _aThe Handbook of Communication Skills
250 _a3rd Edition
260 _aNew York
_bRoutledge
_c2006
500 _aDOS BS Reference Books
942 _acaenust
_k302 OWE
999 _c320822
_d320822